|
|
|
|
| LEADER |
01565nam a2200397 a 4500 |
| 001 |
EBC3039173 |
| 003 |
MiAaPQ |
| 005 |
20200520144314.0 |
| 006 |
m o d | |
| 007 |
cr cn||||||||| |
| 008 |
730713s1973 mnua sbs 001 0 eng d |
| 010 |
|
|
|z 73077711
|
| 020 |
|
|
|z 0816606900
|
| 020 |
|
|
|z 9780816606900
|
| 020 |
|
|
|z 9780816663163
|
| 035 |
|
|
|a (MiAaPQ)EBC3039173
|
| 035 |
|
|
|a (Au-PeEL)EBL3039173
|
| 035 |
|
|
|a (CaPaEBR)ebr10231136
|
| 035 |
|
|
|a (CaONFJC)MIL526192
|
| 035 |
|
|
|a (OCoLC)923703309
|
| 040 |
|
|
|a MiAaPQ
|c MiAaPQ
|d MiAaPQ
|
| 043 |
|
|
|a n-us---
|
| 050 |
|
4 |
|a HG4910
|b .J47 1973
|
| 082 |
0 |
4 |
|a 332.6/43/0973
|
| 100 |
1 |
|
|a Jessup, Paul F.
|
| 245 |
1 |
0 |
|a Returns in over-the-counter stock markets
|h [electronic resource] /
|c [by] Paul F. Jessup and Roger B. Upson.
|
| 260 |
|
|
|a Minneapolis :
|b University of Minnesota Press,
|c [1973]
|
| 300 |
|
|
|a ix, 109 p. :
|b ill.
|
| 504 |
|
|
|a Includes bibliographical references and index.
|
| 505 |
0 |
|
|a pt. 1. Identifying over-the-counter markets -- pt. 2. Measuring market returns -- pt. 3. Winners, losers, and diversification -- pt. 4. Market volatility -- pt. 5. Conclusions.
|
| 533 |
|
|
|a Electronic reproduction. Ann Arbor, MI : ProQuest, 2015. Available via World Wide Web. Access may be limited to ProQuest affiliated libraries.
|
| 650 |
|
0 |
|a Over-the-counter markets
|z United States.
|
| 655 |
|
4 |
|a Electronic books.
|
| 700 |
1 |
|
|a Upson, Roger B.
|
| 710 |
2 |
|
|a ProQuest (Firm)
|
| 856 |
4 |
0 |
|u https://ebookcentral.proquest.com/lib/matrademy/detail.action?docID=3039173
|z Click to View
|